Aj Zvolenčania zlomili Slovan hokejová ST extraliga 9. kolo: Nováčik z Dubnice už nie je posledný

Bibliographic Details
Format: Article
Language:Slovak
PhysicalDescription:Fotogr., tab.
ISSN:0139-7001
Subjects:

MARC

LEADER 00000nab a2200000 a 4500
001 vtls000887922
003 SK-MaSNL
005 20260302165829.0
008 180206c2004 xo 0 slo
015 |a SNBRB2004/10-29783 
035 |a CLN000239357 
040 |a SNKBUCL  |b slo  |c SNKBUCL  |e AACR2 
041 0 |a slo 
044 |a xo  |c SK 
080 |a 796.966.093.1  |2 UDC-MRF-SK2 
245 0 0 |a Aj Zvolenčania zlomili Slovan  |b hokejová ST extraliga 9. kolo: Nováčik z Dubnice už nie je posledný 
300 |b Fotogr., tab. 
650 0 7 |a hokej ľadový  |x Extraliga  |x kolo 9.  |y sezóna 2004/2005  |2 snkbucl  |9 871112 
655 7 |a články z novín a časopisov  |2 snkbucl  |9 267496 
773 0 |x 0139-7001  |t Šport  |g Roč. 58, č. 234 (9.10.2004), s. 5-6 
850 |a Slovenská národná knižnica v Martine 
852 |a SNK  |b KIS3GCP 
958 |a RBX 
999 |c 1391069  |d 1392999